000 00438nam a2200181Ia 4500
001 16984
005 20260306170351.0
008 260306t2011||||xx |||||||||||||| ||und||
041 _aESP
082 _a657.42
_bC28 T. 2
100 _aCárdenas y Nápoles, Raúl Andrés
_eAUT
245 0 _aCostos II:
_bla gestión gerencial
260 _c2011
300 _a
_c22 cm.
650 _aGEN
654 _aCCO
942 _cLIB
_dJUS
_fJUS
_2ddc
_n
999 _c16984
_d16984